| 000 | 00587nam a2200121Ia 4500 | ||
|---|---|---|---|
| 008 | 171212s9999 xx 000 0 und d | ||
| 020 | _a9780833087256 | ||
| 100 | _aSteele, Jennifer L.;Lewis, Matthew W.;Santibanez, Lucrecia;Faxon-Mills, Susannah;Rudnick, Mollie | ||
| 245 |
_cSteele, Jennifer L.;Lewis, Matthew W.;Santibanez, Lucrecia;Faxon-Mills, Susannah;Rudnick, Mollie _aCompetency-Based Education in Three Pilot Programs _bExamining Implementation and Outcomes |
||
| 260 |
_bRAND Corporation _c2014 |
||
| 650 | _aEducation | ||
| 856 | _uhttp://www.jstor.org/stable/10.7249/j.ctt14bs3qj | ||
| 999 |
_c351877 _d351877 |
||